000 00598nam a2200205 a 4500
001 000026189
005 20200930024358.0
008 110303s1969 fr a r 000 0 spa d
040 _aDO-SdBNP
_bspa
_cBNPHU
082 _aNNN
_bO45s, 1969
100 1 _aOléron, Pierre
_953202
245 1 0 _aLes sourds-muets /
_cPierre Oléron.
250 _a2e ed.mise a jour.
260 _aParis :
_bPresses Universitaires de France,
_c1969.
300 _a125, [3] p. :
_billus. ;
_c18 cm.
490 1 _aQue sais-je ?
_v444
504 _aBibliographie
830 0 _aQue sais-je ? ;
_v444
_953203
049 _aBNGR
999 _c25681
_d25681